| 000 | 00416nam a22001817a 4500 | ||
|---|---|---|---|
| 999 |
_c6261 _d6259 |
||
| 005 | 20210826103012.0 | ||
| 008 | 200518b xxu||||| |||| 00| 0 eng d | ||
| 020 | _a978818676554 | ||
| 041 | _aeng | ||
| 082 | _a613.4 | ||
| 100 |
_aNANDA SANJU _96688 |
||
| 245 | _aCosmetic Technology | ||
| 250 | _a1st | ||
| 260 |
_aDelhi _bBirla Publication _c2019 |
||
| 300 | _a479 xx | ||
| 650 |
_aPharmacy _96689 |
||
| 942 | _cBK | ||